Mahan shikshabidsakal aru shaikshik chintadharasamuh / (Record no. 11136)

MARC details
000 -LEADER
fixed length control field 00708nam a22002417a 4500
005 - DATE AND TIME OF LATEST TRANSACTION
control field 20260515114900.0
008 - FIXED-LENGTH DATA ELEMENTS--GENERAL INFORMATION
fixed length control field 210222b ||||| |||| 00| 0 eng d
020 ## - INTERNATIONAL STANDARD BOOK NUMBER
International Standard Book Number 9789382976769
040 ## - CATALOGING SOURCE
Original cataloging agency IN-DiNC
Transcribing agency IN-DiNC
041 ## - LANGUAGE CODE
Language code of sung or spoken text asm
082 ## - DEWEY DECIMAL CLASSIFICATION NUMBER
Classification number 370.92
Item number MAH
100 ## - MAIN ENTRY--PERSONAL NAME
Personal name Baruah, Jahnabi Lahkar
Relator term author
245 ## - TITLE STATEMENT
Title Mahan shikshabidsakal aru shaikshik chintadharasamuh /
Statement of responsibility, etc. by Jahnabi Lahkar Baruah and others
250 ## - EDITION STATEMENT
Edition statement 1st ed.
260 ## - PUBLICATION, DISTRIBUTION, ETC.
Place of publication, distribution, etc. Golaghat:
Name of publisher, distributor, etc. Saraswati prakashan,
Date of publication, distribution, etc. 2020
300 ## - PHYSICAL DESCRIPTION
Extent 325p.
650 ## - SUBJECT ADDED ENTRY--TOPICAL TERM
Topical term or geographic name entry element Great educators
650 ## - SUBJECT ADDED ENTRY--TOPICAL TERM
Topical term or geographic name entry element Educational thoughts
700 ## - ADDED ENTRY--PERSONAL NAME
Personal name Das, Leela
Relator term author
700 ## - ADDED ENTRY--PERSONAL NAME
Personal name Kalita, Utpal
Relator term author
700 ## - ADDED ENTRY--PERSONAL NAME
Personal name Bora, Swapnali
Relator term author
942 ## - ADDED ENTRY ELEMENTS (KOHA)
Source of classification or shelving scheme Dewey Decimal Classification
Koha item type Books
Holdings
Withdrawn status Lost status Source of classification or shelving scheme Damaged status Not for loan Collection Home library Current library Shelving location Date acquired Cost, normal purchase price Total checkouts Full call number Barcode Date last seen Date last checked out Copy number Price effective from Koha item type
    Dewey Decimal Classification       Naharkatiya College Library Naharkatiya College Library General stacks 02/22/2021 230.00 9 370.92 MAH 28583 12/07/2022 11/11/2022 1 02/22/2021 Books
    Dewey Decimal Classification       Naharkatiya College Library Naharkatiya College Library General stacks 02/22/2021 230.00 30 370.92 MAH 28584 12/29/2023 12/11/2023 2 02/22/2021 Books